000 00357nam a2200145Ia 4500
008 240624s9999 xx 000 0 und d
041 _aeng
082 _a658.85 FUT
100 _aFUTRELL CHARLES
245 _aFUNDAMENTALS OF SELLING
250 _a(10th ed.)
260 _c2010
_aNew Delhi
_bMcGraw-Hill Companies
300 _a640 : p.
365 _cRS
_b30
999 _c15379
_d15379